000 00324pab a2200133 454500
008 180718b1983 xxu||||| |||| 00| 0 eng d
245 _aSpecial report on international finance
260 _c1983
300 _a17-26
362 _a7 Mar.
650 _aInternational Economic Relations
773 _aCapital
909 _a11264
999 _c11264
_d11264